Strong's exhaustive concordance of the Bible : (Record no. 6669)
[ view plain ]
| 000 -LEADER | |
|---|---|
| fixed length control field | 00783nam a22001817a 4500 |
| 003 - CONTROL NUMBER IDENTIFIER | |
| control field | GBCCL |
| 005 - DATE AND TIME OF LATEST TRANSACTION | |
| control field | 20241126110608.0 |
| 008 - FIXED-LENGTH DATA ELEMENTS--GENERAL INFORMATION | |
| fixed length control field | 180523b ||||| |||| 00| 0 eng d |
| 020 ## - INTERNATIONAL STANDARD BOOK NUMBER | |
| International Standard Book Number | 0917006011 |
| 040 ## - CATALOGING SOURCE | |
| Transcribing agency | gbc |
| 082 ## - DEWEY DECIMAL CLASSIFICATION NUMBER | |
| Classification number | 220.52033 |
| Item number | STR |
| 100 ## - MAIN ENTRY--PERSONAL NAME | |
| Personal name | Strong, James |
| Dates associated with a name | 1822 - 1894 |
| 9 (RLIN) | 11914 |
| 245 ## - TITLE STATEMENT | |
| Title | Strong's exhaustive concordance of the Bible : |
| Remainder of title | showing every word of the text of the common English version of the canonical books, and every occurrence of each word in regular order ; together with dictionaries of the Hebrew and Greek words of the original, with references to the English words / |
| Statement of responsibility, etc. | James Strong |
| 260 ## - PUBLICATION, DISTRIBUTION, ETC. | |
| Place of publication, distribution, etc. | Massachusetts: |
| Name of publisher, distributor, etc. | Hendrickson Publishers |
| 300 ## - PHYSICAL DESCRIPTION | |
| Extent | 1340, 128, 79 p.; |
| Dimensions | 28 cm. |
| 650 ## - SUBJECT ADDED ENTRY--TOPICAL TERM | |
| Topical term or geographic name entry element | Bible |
| General subdivision | Concordance, English |
| 9 (RLIN) | 11915 |
| 942 ## - ADDED ENTRY ELEMENTS (KOHA) | |
| Source of classification or shelving scheme | Dewey Decimal Classification |
| Koha item type | Books |
| Withdrawn status | Lost status | Source of classification or shelving scheme | Damaged status | Not for loan | Home library | Current Library | Shelving location | Date acquired | Total checkouts | Full call number | Barcode | Date last seen | Copy number | Price effective from | Koha item type |
|---|---|---|---|---|---|---|---|---|---|---|---|---|---|---|---|
| Dewey Decimal Classification | GRACE BIBLE COLLEGE | GRACE BIBLE COLLEGE | Concordance | 2018-05-23 | 220.52033 STR | 010427 | 2025-05-01 | c.1 | 2018-05-23 | Reference Books |